00525nam a2200193Ia 450000500170000000800410001704000190005804100120007708200150008910000160010424500420012026000400016230000160020250400500021863000200026865000110028865100220029985000100032120230710092712.0131103s9999 xx 000 0 und d aLoreto College aEnglish a959.1bMAU aMaung,Maung aBurma and General Ne WincMaung Maung aBombaybAsia Publishing Housec1969 avii,332 p.  aIncludes bibliographical references and index aBurma - History aWin,Ne aMyanmar - History aLCLIB